Statistics for Countries by Number of Books Published per Capita

Click here to take the quiz!

General Stats

  • This quiz has been taken 86 times
  • The average score is 17 of 21

Answer Stats

Answer% Correct
1United Kingdom2787
99%
20United States933
99%
2Finland2468
92%
13France1160
92%
15Germany1133
92%
5Norway1927
92%
19Spain945
92%
16Italy1024
89%
4Denmark2137
86%
9Switzerland1433
86%
14Australia1134
84%
17Netherlands959
82%
11Belgium1220
81%
21South Korea925
81%
6Taiwan1835
75%
7Czech Republic1789
73%
3Singapore2138
71%
8Slovakia1727
61%
12Hungary1192
60%
18Israel951
58%
10Belarus1357
27%

Score Distribution

Percentile by Number Answered

Percent of People with Each Score

Your Score History

You have not taken this quiz